000
00349nam a22001457a 4500
008
230405b |||||||| |||| 00| 0 eng d
020
_a
978-1-83885-847-6
082
_a
813.54
100
_a
Matt Haig
245
_a
How to stop time
260
_b
Canongate,
_c
2022
300
_a
343 p.
_c
20 cm
942
_2
ddc
999
_c
9500
_d
9501